| 000 | 01601cam a2200361 a 4500 | ||
|---|---|---|---|
| 005 | 20240305165343.0 | ||
| 008 | 080418s2008 spc|||| |||| 0|0 0 spa c | ||
| 017 |
_aDL B. 17621-2008 _bBiblioteca de Catalunya |
||
| 020 | _a9788476988084 | ||
| 035 | _a2366 | ||
| 040 | _dvLex | ||
| 043 |
_ae-sp--- _be-sp--- _2catmarc |
||
| 080 | _a347.94(460) | ||
| 090 |
_c2238 _d2238 |
||
| 245 | 0 | 0 |
_aAspectos problemáticos en la valoración de la prueba civil / _cXavier Abel Lluch, Joan Picó i Junoy (directores) ; Cristina Luis Vilchez ... [et al.] _h[Recurso electrónico] |
| 256 | _aServicio en línea. | ||
| 260 |
_aBarcelona : _bJ.M. Bosch, _c2008 |
||
| 300 |
_a161 p. ; _c24 cm |
||
| 504 | _aBibliografía p. 160-161 | ||
| 506 | 1 |
_aContenido solo disponible en los productos indicados _dvLex Global _dvLex Global (Academic Edition, excluding Law Schools) _dvLex Global (U.S. Academic Edition, Law Schools) _dvLex Global (U.S. Academic Edition, excluding Law Schools) _dvLex Global (Academic Edition, Law Schools) |
|
| 650 | 0 | 7 |
_aProcesal _2Tesauro vLex |
| 650 | 0 | 7 |
_aPrueba _2Tesauro vLex |
| 650 | 0 | 7 |
_2Tesauro vLex _aValoración de la prueba |
| 650 | 0 | 7 |
_2Tesauro vLex _aProceso civil |
| 650 | 0 | 7 |
_2Tesauro vLex _aInvalidez Permanente Admitida, Ante o Pagamento Parcial do Seguro |
| 700 | 1 | _aLuis Vilchez, Cristina | |
| 700 | 1 |
_aAbel Lluch, Xavier, _edir. |
|
| 700 | 1 |
_aPicó i Junoy, Joan, _edir. |
|
| 740 | 0 | _avLex Libros (Servicio en línea) | |
| 830 | 0 | _aBosch procesal | |
| 856 | 4 | 0 | _uhttps://app.vlex.com/#/sources/prueba-civil-aspectos-problematicos-valoracion-2366 |
| 942 | _cRAA | ||
| 999 |
_c160669 _d160669 |
||